000 00721nam a2200217 a 4500
005 20210219155751.0
008 070903s1975 mx r 000 0 spa d
020 _a9233012875
035 _aUPN01000151632
049 _aCG
050 4 _aLB1587 N8
_bG7.3
100 1 _aGriffin, A.
245 1 0 _aEnseñanza de la nutrición :
_bconcepción idoneida y adaptación de los programas de estudio /
_cA. Griffin, Luise Light.
260 _aParís :
_bUNESCO,
_c1975.
300 _a60 p.
440 0 _aEstudios y documentos de educación ;
_v18
_pNueva serie
500 _a"Serie publicada en español, frances e inglés"
650 4 _aNUTRICION -
_vPLANES Y PROGRAMAS
700 1 _aLight, Luise,
_ecoaut.
905 _aLibro
999 _c123768
_d123768